000 00560pab a2200205 454500
008 180718b2009 xxu||||| |||| 00| 0 eng d
100 _aAdams, James
245 _aWhat moves parties? the role of public opinion and global economic conditions in Western Europe
260 _c2009
300 _ap.611-39.
362 _aMay
650 _aGlobalization
650 _aPublic opinion
650 _aPolitical parties
700 _aStoll, Heather
700 _aHaupt, Andrea B.
773 _aComparative Political Studies
908 _aN
909 _a82906
999 _c82906
_d82906